अद्भुत कहानियाँ ज्ञान-विज्ञान की / (Record no. 197603)

MARC details
000 -LEADER
fixed length control field 01099nam a22002177a 4500
005 - DATE AND TIME OF LATEST TRANSACTION
control field 20230828145933.0
010 ## - LCCN (DPL NO)
LC control number B-755639 CHHN23.8.23
020 ## - INTERNATIONAL STANDARD BOOK NUMBER
International Standard Book Number 9788190483636
Terms of availability 395.00
035 ## - SYSTEM CONTROL NUMBER
System control number B-755639
037 ## - SOURCE OF ACQUISITION
Source of stock number/acquisition कैटरपिल्लर पब्लिशर्स
082 ## - DEWEY DECIMAL CLASSIFICATION NUMBER
Classification number
100 ## - MAIN ENTRY--PERSONAL NAME
Personal name प्रकाश मनु
245 ## - TITLE STATEMENT
Title अद्भुत कहानियाँ ज्ञान-विज्ञान की /
Statement of responsibility, etc प्रकाश मनु
260 ## - PUBLICATION, DISTRIBUTION, ETC. (IMPRINT)
Place of publication, distribution, etc दिल्ली
Name of publisher, distributor, etc कैटरपिल्लर पब्लिशर्स
Date of publication, distribution, etc 2023
270 ## - ADDRESS
Address 1376, द्वितीय तल, कश्मीरी गेट
City दिल्ली
Postal code 110006
300 ## - PHYSICAL DESCRIPTION
Extent 112पृ.
Dimensions 22सेमी (सजिल्द)
Other physical details सचित्र
600 ## - SUBJECT ADDED ENTRY--PERSONAL NAME
Personal name सहस्त्रार्जुन
600 ## - SUBJECT ADDED ENTRY--PERSONAL NAME
Personal name Sahastrarjun
942 ## - ADDED ENTRY ELEMENTS (KOHA)
Source of classification or shelving scheme Dewey Decimal Classification
Item type Children Books
Call number suffix प्रकाश
Classification part
Holdings
Withdrawn status Lost status Not for loan Collection code Home library Current library Date acquired Source of acquisition Cost, normal purchase price Full call number Barcode Copy number Cost, replacement price Koha item type
      Fiction Sarojini Nagar Sarojini Nagar 28/08/2023 उपहार/23.8.23 395.00 प्रकाश क B-755639 1 395.00 Children Books

© Delhi Public Library
Hit Counter
free hit counter